[Event "Saint Louis Blitz"]
[Site "Saint Louis"]
[Date "2022.08.29"]
[Round "2"]
[White "Nakamura, Hikaru"]
[Black "Aronian, Levon"]
[Result "1-0"]
[WhiteElo "2768"]
[BlackElo "2775"]
[PlyCount "65"]
[EventDate "2022.08.29"]
[EventType "tourn (blitz)"]
[EventRounds "18"]
[EventCountry "USA"]
[EventCategory "21"]
[SourceTitle "CBM 209 Extra"]
[Source "ChessBase"]
[SourceDate "2022.09.30"]
[SourceVersion "1"]
[SourceVersionDate "2022.09.30"]
[SourceQuality "1"]

1. Nf3 d5 2. e3 c5 3. b3 Nc6 4. Bb5 f6 5. c4 d4 6. b4 e5 7. bxc5 Bxc5 8. exd4 Bxd4 9. Nxd4 Qxd4 10. O-O ({RR} 10. Nc3 Nge7 11. Ba3 a6 12. Ba4 Qxc4 13. Rc1 b5 14. Bb3 Qg4 15. Nd5 Qe4+ 16. Ne3 b4 17. Rc4 Nd4 18. d3 Qb7 19. Rxb4 Nb5 20. Qh5+ Ng6 21. O-O Bd7 22. Bb2 a5 23. Bd5 Bc6 24. Qf3 Bxd5 {Nakamura,H (2768)-Sarana,A (2662) Chess.com INT 2022 1-0 (72)}) 10... Nh6 $146 ({RR} 10... Nge7 11. Ba3 O-O 12. Nc3 Rf7 13. Ba4 a6 14. Nd5 Bg4 15. Qb3 Nxd5 16. cxd5 Na5 17. Qb4 Nc4 18. Rfc1 b5 19. Bb3 Nxd2 20. d6 Nxb3 21. Qxb3 Rd8 22. Bb4 g5 23. a4 Bd7 24. a5 Kg7 25. Ra2 {Nakamura,H (2789)-Kollars,D (2629) chess.com INT 2024 1-0 (48)}) 11. Ba3 Qxa1 12. Bxc6+ bxc6 13. Qh5+ Kd8 14. Nc3 Qxf1+ 15. Kxf1 Bg4 16. Qh4 Bf5 17. Kg1 Bg6 18. f4 Nf5 19. Qf2 Nd4 20. fxe5 fxe5 21. Qh4+ Kc8 22. Qe7 Re8 23. Qxg7 Nf5 24. Qf6 Kb7 25. Ne4 Rad8 26. g4 Nd4 27. Qg7+ Kc8 28. Nd6+ Rxd6 29. Bxd6 Ne6 30. Qxa7 Rd8 31. c5 Be4 32. a4 Bd5 33. a5 1-0

[Event "Saint Louis Blitz"]
[Site "Saint Louis"]
[Date "2022.08.29"]
[Round "4"]
[White "Nakamura, Hikaru"]
[Black "Shankland, Samuel L"]
[Result "1-0"]
[WhiteElo "2768"]
[BlackElo "2720"]
[PlyCount "111"]
[EventDate "2022.08.29"]
[EventType "tourn (blitz)"]
[EventRounds "18"]
[EventCountry "USA"]
[EventCategory "21"]
[SourceTitle "CBM 209 Extra"]
[Source "ChessBase"]
[SourceDate "2022.09.30"]
[SourceVersion "1"]
[SourceVersionDate "2022.09.30"]
[SourceQuality "1"]

1. Nf3 Nf6 2. e3 c5 3. b3 g6 4. Bb2 Bg7 5. g3 O-O 6. Bg2 d5 ({RR} 6... d6 7. O-O e5 8. d3 Nc6 9. c4 h6 10. Nc3 Bf5 11. Qe2 Qd7 12. Rfd1 Rae8 13. Qf1 a6 14. a3 Kh7 15. Nd2 Bg4 16. Re1 Ne7 17. b4 cxb4 18. axb4 d5 19. Na4 Nc6 20. Nb6 Qd8 21. Nxd5 {Nakamura,H (2802)-Niemann,H (2733) Paris FRA 2024 0-1 (56)}) ({RR} 6... Nc6 7. O-O Qc7 8. d3 e5 9. e4 d5 10. Nbd2 dxe4 11. dxe4 Bg4 12. c3 Rad8 13. Qe2 Qd7 14. Nc4 Bxf3 15. Bxf3 Qd3 16. Rfe1 Qxe2 17. Rxe2 Rd3 18. Kg2 Rfd8 19. a4 Ne8 20. Ne3 Nc7 21. Nd5 {Ianocichin,N (2102)-Papayan,O (2183) chess.com INT 2025 0-1 (72)}) 7. O-O Nc6 8. Ne5 Nxe5 $146 ({RR} 8... Qc7 9. Nxc6 bxc6 10. d3 Bg4 11. Qe1 e5 12. Nc3 Rfe8 13. h3 Be6 14. Na4 Nd7 15. c4 d4 16. Ba3 Bf8 17. Qd2 Rad8 18. Rae1 h5 19. e4 h4 20. g4 Be7 21. Kh1 g5 22. Rb1 a5 23. Bf3 {Terry,R (2520)-Mamedov,R (2646) chess.com INT 2023 ½-½ (73)}) 9. Bxe5 Be6 10. d3 Qd7 11. Re1 Bh3 12. Bh1 h5 13. Nd2 Rad8 14. Qe2 Rfe8 15. Rad1 h4 16. e4 hxg3 17. hxg3 Bg4 18. f3 Be6 19. Bg2 Bh6 20. Nf1 Nh5 21. Bb2 dxe4 22. dxe4 Qc7 23. f4 c4 24. Bd4 b5 25. Bf3 Nf6 26. b4 c3 27. a3 Bg7 28. Qxb5 Bg4 29. Nh2 Bxf3 30. Nxf3 Qc8 31. Qe2 Qg4 32. Qg2 Nh5 33. Bxg7 Kxg7 34. Kf2 Rd6 35. e5 Rxd1 36. Rxd1 Rh8 37. Rd3 Qf5 38. Nd4 Qg4 39. Ne2 f6 40. Re3 Kf7 41. Qd5+ Kg7 42. exf6+ Nxf6 43. Rxe7+ Kh6 44. Qh1+ Nh5 45. Qf3 Qh3 46. Qg2 Qg4 47. Qb7 Nf6 48. Rf7 Re8 49. Qh1+ Nh5 50. Qf3 Qh3 51. Nd4 Rd8 52. Qe3 Qh2+ 53. Ke1 Nxg3 54. f5+ g5 55. Qe6+ Kh5 56. Rh7+ 1-0

[Event "Saint Louis Blitz"]
[Site "Saint Louis"]
[Date "2022.08.30"]
[Round "16"]
[White "Caruana, Fabiano"]
[Black "Shankland, Samuel L"]
[Result "1-0"]
[WhiteElo "2776"]
[BlackElo "2720"]
[PlyCount "89"]
[EventDate "2022.08.29"]
[EventType "tourn (blitz)"]
[EventRounds "18"]
[EventCountry "USA"]
[EventCategory "21"]
[SourceTitle "CBM 209 Extra"]
[Source "ChessBase"]
[SourceDate "2022.09.30"]
[SourceVersion "1"]
[SourceVersionDate "2022.09.30"]
[SourceQuality "1"]

1. Nf3 c5 2. b3 d6 3. Bb2 e5 4. c4 Nc6 5. e3 g6 6. Be2 Bg7 7. O-O Nge7 8. Nc3 O-O 9. d3 h6 10. Nd2 $146 ({RR} 10. a3 Be6 11. Nd2 f5 12. b4 cxb4 13. axb4 Nxb4 14. Ba3 Nec6 15. Qb3 a5 16. Rfb1 Rf7 17. Bxb4 Nxb4 18. Na2 Nc6 19. Nc3 Ra6 20. Bf1 Kh7 21. g3 Nb4 22. Qa4 d5 23. cxd5 Nxd5 24. Nxd5 Bxd5 {Darcyl,T (2405)-Flores,D (2568) Buenos Aires 2017 0-1 (50)}) 10... Be6 11. Bf3 d5 12. cxd5 Nxd5 13. Nxd5 Bxd5 14. Qe2 Qd7 15. Rfd1 Rad8 16. a3 b6 17. Rab1 Rfe8 18. Ba1 Bxf3 19. Nxf3 a5 20. e4 Re6 21. Rd2 Rd6 22. Rbd1 h5 23. h3 Qe6 24. Rb1 Bh6 25. Rdd1 f6 26. Qc2 Kh7 27. Bc3 Qd7 28. Ne1 Nd4 29. Bxd4 cxd4 30. b4 Rc8 31. Qa2 a4 32. b5 Qe6 33. Qb2 Rd7 34. Nc2 g5 35. Nb4 g4 36. Qe2 Rg7 37. h4 g3 38. fxg3 Rxg3 39. Qxh5 Rcg8 40. Rb2 R8g6 41. Kh2 Kg7 42. Rc2 Bf4 43. Kg1 Qh3 44. Rc7+ Kf8 45. Qh8+ 1-0

[Event "Saint Louis Blitz"]
[Site "Saint Louis"]
[Date "2022.08.30"]
[Round "16"]
[White "Nakamura, Hikaru"]
[Black "Dominguez Perez, Leinier"]
[Result "1-0"]
[WhiteElo "2768"]
[BlackElo "2754"]
[PlyCount "139"]
[EventDate "2022.08.29"]
[EventType "tourn (blitz)"]
[EventRounds "18"]
[EventCountry "USA"]
[EventCategory "21"]
[SourceTitle "CBM 209 Extra"]
[Source "ChessBase"]
[SourceDate "2022.09.30"]
[SourceVersion "1"]
[SourceVersionDate "2022.09.30"]
[SourceQuality "1"]

1. Nf3 Nf6 2. e3 c5 3. b3 g6 4. Bb2 Bg7 5. g3 b6 6. Bg2 Bb7 7. O-O O-O 8. d3 d5 $146 ({RR} 8... d6 9. Nbd2 Nbd7 10. Re1 d5 11. d4 Rc8 12. c4 cxd4 13. Nxd4 Nc5 14. Qe2 e5 15. Nb5 a6 16. Na3 e4 17. Bd4 Nd3 18. Red1 Qd6 19. Nc2 b5 20. Ne1 dxc4 21. bxc4 bxc4 22. Rab1 Qe7 23. Rb6 {Dill,J-Perez Nivar,M Valetta 1980 0-1 (49)}) 9. Nbd2 Nc6 10. Qe2 Qc7 11. c4 Rfd8 12. a3 e5 13. cxd5 Nxd5 14. Rac1 Qe7 15. Rfd1 Rac8 16. Bh3 Rc7 17. e4 Nf6 18. Nc4 Nd7 19. Ne3 Nd4 20. Nxd4 exd4 21. Nc4 f5 22. Bg2 fxe4 23. dxe4 Ne5 24. Nxe5 Bxe5 25. Qc4+ Kh8 26. f4 Bg7 27. e5 Bxg2 28. Kxg2 g5 29. Rxd4 gxf4 30. gxf4 Rg8 31. Kh1 cxd4 32. Qxc7 Qh4 33. e6 Qf2 34. Qc2 Qxf4 35. Re1 Qf3+ 36. Qg2 Qxg2+ 37. Kxg2 d3 38. Bxg7+ Kxg7 39. Kf3 Kf6 40. e7 Re8 41. Re3 d2 42. Rd3 Rxe7 43. Rxd2 Rc7 44. Rd6+ Ke5 45. Rd3 b5 46. Kg4 a5 47. Rh3 Kd4 48. Rh5 Rb7 49. a4 bxa4 50. bxa4 Ra7 51. Rb5 Rg7+ 52. Kh5 Ra7 53. Kh6 Kc4 54. h4 Kd4 55. h5 Kc4 56. Rb1 Rd7 57. Rb5 Ra7 58. Kg5 Kd4 59. Kf6 Ra6+ 60. Ke7 Kc4 61. Kd7 Rf6 62. Ke7 Rf1 63. Rxa5 Kb4 64. Ra6 Rf5 65. h6 Rf2 66. Rf6 Rh2 67. Kf8 Kxa4 68. Kg7 Kb5 69. Kxh7 Kc5 70. Kg7 1-0

[Event "POL-chT Ekstraliga"]
[Site "Bydgoszcz"]
[Date "2022.09.09"]
[Round "7.1"]
[White "Berkes, Ferenc"]
[Black "Kollars, Dmitrij"]
[Result "1-0"]
[WhiteElo "2651"]
[BlackElo "2627"]
[PlyCount "79"]
[EventDate "2022.09.03"]
[EventType "team-tourn"]
[EventRounds "9"]
[EventCountry "POL"]
[SourceTitle "EXT 2023"]
[Source "ChessBase"]
[SourceDate "2022.10.05"]
[SourceVersion "1"]
[SourceVersionDate "2022.10.05"]
[SourceQuality "1"]
[WhiteTeam "Plock Hetman"]
[BlackTeam "Bydgoszcz Energia Gwiazda"]
[WhiteTeamCountry "POL"]
[BlackTeamCountry "POL"]

1. Nf3 d5 2. g3 Bg4 3. Bg2 c6 4. h3 Bh5 5. O-O Nf6 6. d4 e6 7. c4 Nbd7 8. cxd5 exd5 9. Nh4 ({RR} 9. Ne5 Bg6 10. Nc3 Bb4 11. Qb3 a5 12. f4 h6 13. Nxg6 fxg6 14. e4 Qb6 15. exd5 Qxd4+ 16. Kh2 Nc5 17. Qc2 Qd3 18. Qxd3 Nxd3 19. dxc6 O-O-O 20. cxb7+ Kb8 21. Be3 Rhe8 22. Bb6 Rd6 23. Rad1 Bxc3 {Grandelius,N (2656)-Giri,A (2773) Chess.com INT 2022 1-0 (77)}) ({RR} 9. Qb3 Qb6 10. Qe3+ Be7 11. Nh4 Bg6 12. Nc3 Qd8 13. f4 Bc2 14. Qd2 Be4 15. Nxe4 Nxe4 16. Bxe4 Bxh4 17. Bc2 Be7 18. Qd3 Nf6 19. Qf3 Qd7 20. g4 g6 21. Kg2 O-O-O 22. e3 Rde8 23. g5 Nh5 {Kollars,D (2612)-Coyne,T (2021) chess.com INT 2022 1-0 (46)}) 9... Be7 ({RR} 9... Bg6 10. Nc3 Bb4 11. Qb3 Qb6 12. Nxg6 hxg6 13. a3 Bd6 14. Qd1 O-O 15. Rb1 Rfe8 16. Qd3 a6 17. b4 Qd8 18. Bg5 Qb8 19. a4 b5 20. a5 Qb7 21. Rfc1 Rac8 22. Rc2 Rc7 23. e4 dxe4 24. Nxe4 {Kushko,D (2454)-Ostanin,V (2317) chess.com INT 2025 1-0 (36)}) 10. Nf5 Bg6 $146 ({RR} 10... O-O 11. Nxe7+ Qxe7 12. Nc3 Rfe8 13. Re1 Nb6 14. b3 Rad8 15. a4 Nc8 16. Bg5 Nd6 17. Qc1 h6 18. Bf4 Nfe4 19. Nxe4 Nxe4 20. a5 g5 21. Bd2 Bg6 22. a6 b6 23. Rd1 Qe6 24. Be1 c5 25. dxc5 {Badelka,O (2428)-Tsolakidou,S (2379) Tornelo INT 2021 ½-½ (93)}) 11. Nxe7 Qxe7 12. Qb3 Nb6 13. Qe3 Qxe3 14. Bxe3 Nc4 15. Bc1 Kd7 16. f3 Rhe8 17. Kf2 Re7 18. Re1 a5 19. b3 Nd6 20. Nc3 b5 21. g4 a4 22. Ba3 axb3 23. axb3 Ree8 24. Bxd6 Kxd6 25. e4 dxe4 26. fxe4 Kd7 27. e5 Ng8 28. Na2 Ne7 29. Nb4 f6 30. Rac1 Rac8 31. Na6 fxe5 32. Nc5+ Kc7 33. dxe5 Kb6 34. b4 Red8 35. Rcd1 Bc2 36. Rd6 Ba4 37. Kg3 Ng6 38. h4 Re8 39. e6 Re7 40. Nd7+ 1-0

[Event "CHN-chT Div-A"]
[Site "Fuling"]
[Date "2022.09.15"]
[Round "8.1"]
[White "Ni, Hua"]
[Black "Zhao, Jun"]
[Result "1-0"]
[WhiteElo "2668"]
[BlackElo "2619"]
[PlyCount "79"]
[EventDate "2022.09.06"]
[EventType "team-tourn"]
[EventRounds "11"]
[EventCountry "CHN"]
[SourceTitle "EXT 2023"]
[Source "ChessBase"]
[SourceDate "2022.10.05"]
[SourceVersion "1"]
[SourceVersionDate "2022.10.05"]
[SourceQuality "1"]
[WhiteTeam "Shanghai"]
[BlackTeam "Shandong"]
[WhiteTeamCountry "CHN"]
[BlackTeamCountry "CHN"]

1. d4 d5 2. Nf3 Nf6 3. g3 Bg4 4. Bg2 e6 5. O-O Nbd7 6. c4 c6 7. cxd5 exd5 8. Nc3 Bd6 9. h3 ({RR} 9. Nh4 Nb6 10. f3 Be6 11. e4 Be7 12. e5 Nfd7 13. f4 Bxh4 14. f5 Bxf5 15. Rxf5 Be7 16. Qg4 g6 17. Rf2 O-O 18. Bh6 f5 19. Qh3 Re8 20. g4 f4 21. Ne2 Bh4 22. Rxf4 Bg5 23. Rf2 Bxh6 {Grischuk,A (2771)-Postny,E (2615) St Petersburg 2018 1-0}) ({RR} 9. Qc2 O-O 10. Nh4 Qb6 11. Be3 Rfe8 12. Rad1 Bb4 13. a3 Bxc3 14. bxc3 Qa6 15. Rd3 Bh5 16. f3 Bg6 17. Nxg6 hxg6 18. Bc1 Rac8 19. Re1 c5 20. e4 cxd4 21. Rxd4 dxe4 22. fxe4 Ne5 23. Red1 Qe6 {Henriquez Garcia,D (1869)-Garcia Padron,J (2155) Vecindario ESP 2025 1-0 (62)}) 9... Bxf3 10. exf3 $146 ({RR} 10. Bxf3 O-O 11. Re1 Re8 12. Qd3 Nb6 13. Rb1 Qe7 14. Bg5 h6 15. Bxf6 Qxf6 16. b4 a6 17. Kg2 Rad8 18. a4 Nc4 19. e4 Qg6 20. h4 h5 21. Qd1 dxe4 22. Nxe4 Bf8 23. Bxh5 Qf5 24. Bg4 Qg6 {Dragun,K (2586)-Solak,D (2622) Biel 2015 ½-½ (36)}) 10... O-O 11. h4 Re8 12. Qd3 a5 13. Bg5 a4 14. Bh3 Qa5 15. Rfe1 a3 16. b3 Bb4 17. Rxe8+ Rxe8 18. Rc1 Bxc3 19. Rxc3 Re1+ 20. Kg2 Ra1 21. Bd2 Qb6 22. Rc2 Nf8 23. Bc3 Rb1 24. Re2 Rc1 25. Qd2 Qa6 26. Qxc1 Qxe2 27. Qxa3 h5 28. Qa8 Ng4 29. fxg4 hxg4 30. Bxg4 Qxg4 31. Bb4 Qe4+ 32. Kh2 c5 33. Bxc5 Qf5 34. Qxf8+ Kh7 35. Kg2 Qe4+ 36. Kf1 Qd3+ 37. Ke1 Qc3+ 38. Ke2 Qc2+ 39. Ke3 Qc1+ 40. Kf3 1-0

[Event "Titled Tuesday intern op 06th Sep Early"]
[Site "Chess.com INT"]
[Date "2022.09.06"]
[Round "8"]
[White "Pranav, V."]
[Black "Beerdsen, Thomas"]
[Result "1-0"]
[WhiteElo "2530"]
[BlackElo "2514"]
[PlyCount "71"]
[EventDate "2022.09.06"]
[EventType "swiss (blitz)"]
[EventRounds "11"]
[EventCountry "USA"]
[SourceTitle "EXT 2023"]
[Source "ChessBase"]
[SourceDate "2022.10.05"]
[SourceVersion "1"]
[SourceVersionDate "2022.10.05"]
[SourceQuality "1"]

1. Nf3 h6 2. e4 g5 3. d4 g4 ({RR} 3... Bg7 4. h3 d6 5. Bd3 c5 6. c3 Qc7 7. Be3 Nd7 8. Nbd2 Ngf6 9. Nf1 Nh5 10. g3 Nhf6 11. g4 b6 12. Ng3 Bb7 13. Qc2 a6 14. Qe2 e6 15. Nd2 b5 16. h4 gxh4 17. Rxh4 Nb6 18. dxc5 {Grigoriants,S (2587)-Rapport,R (2720) Reykjavik 2016 ½-½}) ({RR} 3... Bg7 4. h4 g4 5. Ne5 d6 6. Nxg4 Bxg4 7. Qxg4 Bxd4 8. Nd2 Qd7 9. Qe2 Nf6 10. Nf3 Bb6 11. a4 a6 12. c3 Ng4 13. Be3 Nxe3 14. fxe3 Nc6 15. O-O-O O-O 16. g4 Qe6 17. Qc2 Ne5 18. Nd4 {Zhizmer,Y (2295)-Llorente Zaro,A (2433) chess.com INT 2024 0-1 (45)}) 4. Ne5 ({RR} 4. Nh4 h5 5. h3 d5 6. e5 c5 7. dxc5 Nc6 8. Bf4 Bh6 9. Bxh6 Nxh6 10. Bb5 Be6 11. c3 Qc7 12. Qd4 Rg8 13. Nd2 Qa5 14. a4 gxh3 15. gxh3 Qc7 16. Qf4 Rh8 17. Ndf3 O-O-O 18. O-O-O Na5 {Terry,R (2520)-Beerdsen,T (2523) chess.com INT 2023 1-0 (57)}) 4... h5 5. Nc3 Bg7 6. Nc4 $146 ({RR} 6. Bf4 d6 7. Nc4 a6 8. a4 e6 9. Be2 Ne7 10. Qd2 Nbc6 11. d5 Nd4 12. Be3 c5 13. a5 exd5 14. Nxd5 Nxd5 15. exd5 Bf5 16. Bd3 Bxd3 17. Qxd3 Qe7 18. O-O O-O-O 19. Rfe1 Qf6 20. c3 Nb5 {Renjith,S (2127)-Beerdsen,T (2508) Chess.com INT 2022 0-1 (39)}) 6... a6 7. a4 b6 8. Bf4 Bb7 9. h3 Nc6 10. hxg4 Nxd4 11. Rxh5 c5 12. Bd3 b5 13. Ne3 c4 14. Bf1 e6 15. e5 Qb6 16. Rxh8 Bxh8 17. g5 Ne7 18. Ng4 b4 19. a5 Qc5 20. Na4 Qd5 21. f3 Rd8 22. Nb6 Qc5 23. Nxc4 Kf8 24. c3 Nb5 25. Be3 Qc6 26. cxb4 Nf5 27. Bc5+ d6 28. exd6 Nbxd6 29. Nxd6 Nxd6 30. Rc1 Bxb2 31. Bxd6+ Qxd6 32. Qxd6+ Rxd6 33. Rc7 Bd5 34. Nh6 e5 35. Rc8+ Rd8 36. Rxd8+ 1-0

[Event "MPL Indian Chess Tour N3"]
[Site "chess24.com INT"]
[Date "2022.09.09"]
[Round "3"]
[White "Adhiban, Baskaran"]
[Black "Arjun, Kalyan"]
[Result "1-0"]
[WhiteElo "2603"]
[BlackElo "2529"]
[PlyCount "75"]
[EventDate "2022.09.09"]
[EventType "tourn (rapid)"]
[EventRounds "15"]
[EventCountry "IND"]
[EventCategory "13"]
[SourceTitle "EXT 2023"]
[Source "ChessBase"]
[SourceDate "2022.10.05"]
[SourceVersion "1"]
[SourceVersionDate "2022.10.05"]
[SourceQuality "1"]

1. Nf3 d5 2. g3 Bg4 3. Bg2 c6 4. O-O Nd7 5. h3 Bh5 6. d4 Ngf6 7. c4 e6 8. cxd5 exd5 9. Nh4 ({RR} 9. Ne5 Ne4 10. Nd2 f5 11. Bf3 Bg6 12. Nxg6 hxg6 13. Bg2 Bd6 14. Nxe4 fxe4 15. h4 Qb6 16. Bg5 Nf8 17. e3 Qc7 18. Bh3 Nh7 19. Qg4 Qf7 20. f3 Nxg5 21. hxg5 Qe7 22. fxe4 Qxe4 23. Qd7# {1-0 (23) Yu Yangyi (2729)-Keymer,V (2690) chess.com INT 2023}) ({RR} 9. Ne5 Nxe5 10. dxe5 Ne4 11. Nd2 Nxd2 12. Bxd2 f6 13. Qb3 Qb6 14. exf6 Qxb3 15. axb3 gxf6 16. b4 Bd6 17. b5 Kd7 18. bxc6+ bxc6 19. e4 d4 20. Rfc1 c5 21. f4 d3 22. Bc3 c4 23. Ra5 Be2 {Preotu,R (2470)-Chasin,N (2426) Charlotte USA 2025 1-0 (55)}) ({RR} 9. Ne5 Ne4 10. Bxe4 Nxe5 11. dxe5 dxe4 12. Nc3 Qxd1 13. Rxd1 Bg6 14. Be3 Be7 15. Rac1 h5 16. Na4 Bf5 17. Kg2 O-O 18. Bc5 Rfe8 19. Bd6 Rad8 20. Nc5 b6 21. Na6 Bxd6 22. exd6 Bd7 23. b4 Re5 {Svane,R (2651)-Arjun,K (2477) Chess.com INT 2022 0-1 (70)}) 9... Be7 10. Nf5 $146 ({RR} 10. Qb3 Qb6 11. Qe3 Bg6 12. Nc3 Nf8 13. f4 Bc2 14. Qd2 Be4 15. Bxe4 Nxe4 16. Nxe4 dxe4 17. Nf5 Ne6 18. e3 g6 19. Nxe7 Kxe7 20. b3 Rhd8 21. g4 Rd5 22. Qf2 Kd7 23. Bb2 h5 24. Qg2 Re8 {Teclaf,P (2586)-Moranda,W (2561) Lublin POL 2023 ½-½}) 10... Bg6 11. Nxe7 Qxe7 12. Qb3 Nb6 13. Bd2 Ne4 14. Bb4 Qc7 15. Nc3 a5 16. Nxe4 dxe4 17. Bc5 Nd7 18. Rac1 Nxc5 19. Rxc5 O-O 20. Rfc1 a4 21. Qb4 e3 22. f4 Qd7 23. d5 a3 24. bxa3 h5 25. dxc6 bxc6 26. f5 Bxf5 27. Bxc6 Qe6 28. Bxa8 Rxa8 29. Qf4 g6 30. Re5 Qxa2 31. Rxf5 gxf5 32. Qg5+ Kf8 33. Qxh5 Qxa3 34. Qh8+ Ke7 35. Qe5+ Kf8 36. Rc3 Qa1+ 37. Kg2 Qa7 38. Rc7 1-0

[Event "Titled Tuesday intern op 13th Sep Late"]
[Site "Chess.com INT"]
[Date "2022.09.13"]
[Round "4"]
[White "Ibarra Jerez, Jose Carlos"]
[Black "Bluebaum, Matthias"]
[Result "1-0"]
[WhiteElo "2570"]
[BlackElo "2647"]
[PlyCount "79"]
[EventDate "2022.09.13"]
[EventType "swiss (blitz)"]
[EventRounds "11"]
[EventCountry "USA"]
[SourceTitle "EXT 2023"]
[Source "ChessBase"]
[SourceDate "2022.10.05"]
[SourceVersion "1"]
[SourceVersionDate "2022.10.05"]
[SourceQuality "1"]

1. Nf3 d5 2. g3 Bg4 3. Bg2 e6 4. h3 Bh5 5. O-O Nf6 6. c4 c6 7. Qb3 Qc8 8. d3 Be7 9. Nc3 O-O 10. Bf4 Rd8 $146 ({RR} 10... Nbd7 11. cxd5 exd5 12. Nd4 Nc5 13. Qc2 Bg6 14. Rad1 Ne6 15. Be3 c5 16. Nxe6 fxe6 17. Bg5 c4 18. e4 cxd3 19. Qxd3 Bb4 20. Bxf6 Rxf6 21. Ne2 Qf8 22. Nf4 Bxe4 23. Bxe4 dxe4 24. Qxe4 Bd6 25. Nd3 {McShane,L (2674)-Parligras,M (2583) Douglas 2021 1-0 (43)}) 11. Rac1 Nbd7 12. cxd5 Nc5 13. Qa3 Bf8 14. d6 Bxf3 15. Bxf3 Ncd7 16. d4 Nb6 17. e4 Nc4 18. Qb3 Nxd6 19. Bxd6 Rxd6 20. e5 Rxd4 21. exf6 gxf6 22. Rfd1 Rxd1+ 23. Rxd1 f5 24. Ne2 Qc7 25. Qd3 Bg7 26. b3 Qa5 27. a4 Bf6 28. Nf4 Rd8 29. Qe2 Rxd1+ 30. Qxd1 Be5 31. Qd7 Bxf4 32. gxf4 Qe1+ 33. Kg2 Qb4 34. Bh5 Kg7 35. Qxf7+ Kh8 36. Qf6+ Kg8 37. Bf7+ Kf8 38. Bxe6+ Ke8 39. Qf7+ Kd8 40. Qd7# 1-0

[Event "Titled Tuesday intern op 13th Sep Late"]
[Site "Chess.com INT"]
[Date "2022.09.13"]
[Round "10"]
[White "Keymer, Vincent"]
[Black "Bluebaum, Matthias"]
[Result "1-0"]
[WhiteElo "2693"]
[BlackElo "2647"]
[PlyCount "115"]
[EventDate "2022.09.13"]
[EventType "swiss (blitz)"]
[EventRounds "11"]
[EventCountry "USA"]
[SourceTitle "EXT 2023"]
[Source "ChessBase"]
[SourceDate "2022.10.05"]
[SourceVersion "1"]
[SourceVersionDate "2022.10.05"]
[SourceQuality "1"]

1. Nf3 {Chessbase - Stockfish 17} d5 2. e3 c5 3. b3 Nf6 4. Bb2 g6 5. c4 dxc4 6. bxc4 Bg7 7. Be2 O-O 8. O-O b6 9. a4 $146 ({RR} 9. d3 Bb7 10. Nc3 Nc6 11. a3 Qd7 12. Qc2 Ne8 13. Rad1 Nc7 14. h3 Rfd8 15. Ne4 f6 16. d4 cxd4 17. exd4 Na5 18. d5 e5 19. Bc3 f5 20. Nc5 bxc5 21. Bxa5 Re8 22. Rb1 Ba6 23. Bxc7 Qxc7 {Pirc,V-Szabo,L Amsterdam 1954 ½-½ (41)}) ({RR} 9. d3 Bb7 10. Nbd2 Nc6 11. Ne5 Qc7 12. f4 Rad8 13. Qb3 Ne8 14. Ndf3 Na5 15. Qc2 Nd6 16. e4 f6 17. Ng4 Nc6 18. Rae1 Nf7 19. f5 gxf5 20. exf5 Kh8 21. Qb3 Qd7 22. Ne3 Bh6 23. Nd5 Nd6 {Keymer,V (2733)-Warmerdam,M (2646) Wijk aan Zee 2025 [Chessbase - Stockfish 17] ½-½ (67)}) 9... Nc6 10. d3 Bb7 11. Nbd2 Qc7 12. h3 Rfd8 13. Qb3 Ne8 14. Bxg7 Nxg7 15. Rfd1 Rd7 16. Ne4 Na5 17. Qc2 Bxe4 18. dxe4 Rad8 19. Rd5 e6 20. Rxd7 Rxd7 21. e5 Nc6 22. Qe4 Nf5 23. Qf4 Nfe7 24. g4 Nc8 25. h4 Qd8 26. Ng5 Kg7 27. Bf3 Nb4 28. Be4 h6 29. Qxf7+ Rxf7 30. Nxe6+ Kg8 31. Nxd8 Re7 32. f4 g5 33. hxg5 hxg5 34. Nc6 Nxc6 35. Bxc6 gxf4 36. exf4 Rg7 37. g5 Ne7 38. Bd5+ Kf8 39. Kf2 Rh7 40. Rh1 Nxd5 41. Rxh7 Nxf4 42. Ke3 Ng6 43. Ke4 a6 44. Rb7 b5 45. cxb5 axb5 46. a5 Ne7 47. a6 Nc6 48. Rxb5 Ke7 49. Rxc5 Na7 50. Rc7+ Ke6 51. g6 Nb5 52. Rc6+ Ke7 53. g7 Nc3+ 54. Rxc3 Kf7 55. Rc7+ Kg6 56. a7 Kh5 57. g8=Q Kh4 58. Rh7# 1-0

[Event "Julius Baer GenCup Prelim"]
[Site "chess24.com INT"]
[Date "2022.09.18"]
[Round "2"]
[White "Aronian, Levon"]
[Black "Gelfand, Boris"]
[Result "1-0"]
[WhiteElo "2759"]
[BlackElo "2668"]
[PlyCount "101"]
[EventDate "2022.09.18"]
[EventType "tourn (rapid)"]
[EventRounds "15"]
[EventCountry "GER"]
[EventCategory "18"]
[SourceTitle "EXT 2023"]
[Source "ChessBase"]
[SourceDate "2022.10.05"]
[SourceVersion "1"]
[SourceVersionDate "2022.10.05"]
[SourceQuality "1"]

1. Nf3 c5 2. b3 Nf6 3. Bb2 g6 4. Bxf6 exf6 5. c4 d5 6. cxd5 Qxd5 7. Nc3 Qd8 8. g3 Nc6 9. Bg2 Be7 10. O-O O-O 11. Rc1 Rb8 $146 ({RR} 11... Be6 12. e3 Rc8 13. d4 cxd4 14. exd4 Ba3 15. Rb1 Bf5 16. d5 Nb4 17. Qd4 Nc2 18. Qxa7 Rxc3 19. Qxb7 Bd3 20. Rfd1 Qd6 21. Nd2 Ba6 22. Ne4 Bxb7 23. Nxd6 Bxd6 {0-1 (23) Menzies,C (2150)-Andreasson,I (2334) London 2017}) 12. Ne1 Bf5 13. Bxc6 bxc6 14. Na4 Qa5 15. d3 Rfd8 16. Ng2 Be6 17. Nf4 Bg4 18. Qe1 Qa6 19. Rc2 Bd6 20. Qc3 Bxf4 21. gxf4 Qc8 22. f3 Bh3 23. Rfc1 Qf5 24. Qd2 Rd4 25. Rxc5 Qxf4 26. Qxf4 Rxf4 27. Rxc6 Bd7 28. R6c4 Rf5 29. h4 Ra5 30. Nc5 Be6 31. Nxe6 fxe6 32. R1c2 Rb7 33. Kf2 Kg7 34. d4 Kh6 35. Rc6 Re7 36. a4 Rd5 37. e3 Kh5 38. Kg3 g5 39. hxg5 Rxg5+ 40. Kf2 Kg6 41. Rc7 Rxc7 42. Rxc7 Ra5 43. Rc5 Ra6 44. a5 Rd6 45. b4 a6 46. Kg3 h5 47. Kh4 Rd7 48. Rc6 Rb7 49. Rb6 Rc7 50. Rxa6 Rc1 51. Rxe6 1-0